| 000 | 00592cam a2200217 4500 | ||
|---|---|---|---|
| 001 | M88553 | ||
| 008 | 090401t1997 xxu||||| |||| 00| 0 eng d | ||
| 035 | _a(Sirsi) u82942 | ||
| 041 | _aeng | ||
| 050 | _a693.893 | ||
| 100 | _aKyte, Colin T | ||
| 245 | _aLaboratory analysis as an aid to the diagnosis of rising damp. | ||
| 260 |
_aAscot, Berks. _bChartered Institute of Building _c1997 |
||
| 300 | _a8p. ; 30cm. | ||
| 350 | _a0 | ||
| 490 |
_aConstruction Papers _v80 |
||
| 650 | _aRISING DAMP | ||
| 690 | _aBUILT ENVIRONMENT-BUILDING PATHOLOGY | ||
| 942 | _n0 | ||
| 948 | _c05/01/1998 | ||
| 999 |
_c96847 _d96847 |
||